LEADER 01351nam0 2200373 i 450 001 RMS0073467 005 20251003044344.0 010 $a8813220073 020 $aIT$b2000-3962 100 $a20230721d1999 ||||0itac50 ba 101 | $aita 102 $ait 181 1$6z01$ai $bxxxe 182 1$6z01$an 183 1$6z01$anc$2RDAcarrier 200 1 $aFallimento e disoccupazione$fItalo Scalera 210 $aPadova$cCEDAM$d1999 215 $aX, 109$d24 cm. 225 | $aImpresa, società, fallimento$v45 410 0$1001CFI0034231$12001 $aImpresa, società, fallimento$v45 606 $aFallimento$2FIR$3CFIC009340$9I 606 $aImprese$xEsercizio provvisorio$2FIR$3SBLC029096$9I 676 $a346.45078$9FALLIMENTO. ITALIA$v21 676 $a346.45078$9DIRITTO COMMERCIALE. FALLIMENTO. ITALIA$v23 700 1$aScalera$b, Italo$3MILV005752$4070$0229092 801 3$aIT$bIT-000000$c20230721 850 $aIT-BN0095 $aIT-AV0007 901 $bNAP 01$cD $n$ 901 $bNAP AV$cMANCINO $n$ 912 $aRMS0073467 950 0$aBiblioteca Centralizzata di Ateneo$c1 v.$d 01D (AR) 27 106$e 01AR 0700271065 VMA A4 1 v.$fY $h20241113$i20241113 977 $a 01$a AV 996 $aFallimento e disoccupazione$9660746 997 $aUNISANNIO